A horvát "Szürke könyv" [ismertetés] /

Elmentve itt :
Bibliográfiai részletek
Szerző: Vándor Gyula
További közreműködők: Kovačić Matija
Dokumentumtípus: Cikk
Megjelent: 1943
Sorozat:Délvidéki szemle 2
Kulcsszavak:Horvátország története, Jugoszlávia története, Politikatörténet - Horvátország
Tárgyszavak:
Online Access:http://acta.bibl.u-szeged.hu/19279
LEADER 00760nab a2200205 i 4500
001 acta19279
005 20251105085306.0
008 161015s1943 hu o 000 hun d
040 |a SZTE Egyetemi Kiadványok Repozitórium  |b hun 
041 |a hun 
100 1 |a Vándor Gyula 
245 1 2 |a A horvát "Szürke könyv"   |h [elektronikus dokumentum] :  |b [ismertetés] /  |c  Vándor Gyula 
260 |c 1943 
300 |a 232 
490 0 |a Délvidéki szemle  |v 2 
650 4 |a Bölcsészettudományok 
650 4 |a Történettudomány és régészet 
695 |a Horvátország története, Jugoszlávia története, Politikatörténet - Horvátország 
700 0 1 |a Kovačić Matija 
856 4 0 |u http://acta.bibl.u-szeged.hu/19279/1/delvideki_szemle_002_232.pdf  |z Dokumentum-elérés